000 00488cam a22002051 4500
001 sa 68007128
003 DLC
005 20260227112520.0
008 881102s1966 xx 000 0 hino
010 _asa 68007128
035 _a(OCoLC)23564161
040 _aDLC
_cMiU
_dDLC
042 _apremarc
050 0 0 _aPK2098.S49
_bB3 1966
100 1 _aSharma, Shri Ram,
_d1909-
245 1 0 _aBālū kī dīvāra.
260 _c[1966]
300 _a176 p.
_c19 cm.
500 _aRomanized.
999 _c81644
_d81644